The seer
| Main Author: | |
|---|---|
| Format: | Book |
| Published: |
New York :
Lodestar Books ,
1989
|
| Subjects: |
MARC
| LEADER | 00000cam a2200000 7i4500 | ||
|---|---|---|---|
| 001 | 0000001935 | ||
| 002 | 000002102 | ||
| 005 | 20000330.0 | ||
| 020 | |a 0525672621 | ||
| 090 | 0 | 0 | |a JF |b WIS |
| 100 | 1 | |a Wisler, G.Clifton | |
| 245 | 1 | 4 | |a The seer |c G.Clifton Wisler |
| 260 | |a New York : |b Lodestar Books , |c 1989 | ||
| 300 | |a 134p. ; |c 22cm. | ||
| 650 | 0 | 0 | |a Science fiction |
| 999 | |a 035255 |b BUKU |c PINJAMAN |e PERPUSTAKAAN KOMUNITI PETALING JAYA | ||